Report on the oil fields of northwest Germany /

Bibliographic Details
Main Author: Rinehart, Ira
Format: Book
Language:English
Published: [Baltimore] : [The Lord Baltimore press], [1930]
Subjects:

MARC

Tag First Indicator Second Indicator Subfields
LEADER 00000cam a2200000 4500
001 in00000064868
005 20151008050720.0
008 800501s1930 mduab 00010 eng
010 |a  31021520  
035 |a (OCoLC)06271491 
035 |9 AAG2846AM 
040 |a DLC  |c TXA  |d UtOrBLW 
049 |a TXAM  |c [148916] 
050 0 |a TN874.G4  |b R5 
082 0 |a 338.2 
092 |a 338.2728  |b R579r 
100 1 |a Rinehart, Ira. 
245 1 0 |a Report on the oil fields of northwest Germany /  |c by Ira Rinehart; with information on operation practices, methods of leasing, taxes, customs duties, oil markets, etc. 
264 1 |a [Baltimore] :  |b [The Lord Baltimore press],  |c [1930] 
264 4 |c [©1930] 
300 |a xviii, 87 pages including frontispiece, illustrations, diagram :  |b folded map. ;  |c 24 cm. 
336 |a text  |b txt  |2 rdacontent 
337 |a unmediated  |b n  |2 rdamedia 
338 |a volume  |b nc  |2 rdacarrier 
650 0 |a Petroleum  |z Germany. 
740 0 |a Oil fields of northwest Germany. 
999 |a MARS 
999 f f |s 3e22bc29-10f2-3eae-8fa0-a5e2db29e023  |i aa72ea51-1bca-30f2-be82-f5f81e701453  |t 0 
952 f f |p ric  |a Texas A&M University  |b Rellis Campus  |c Joint Library Facility  |d Remote Storage  |t 0  |e TN874.G4 R5  |h Library of Congress classification  |i unmediated -- volume  |m A14800763427 
998 f f |a TN874.G4 R5  |t 0  |l Remote Storage